000 00307 a2200145 4500
001 180506
020 _a
040 _cMagnum
100 _aGeempa
240 1 0 _aAlfabetizacao em novas bases
_lpor
245 1 0 _aAlfabetizacao em novas bases
362 0 _a1899
697 _aMAGNITO: ENSINO
942 _cBK
999 _c180506
_d180506